| 000 | 00546nam a22001457a 4500 | ||
|---|---|---|---|
| 020 | _a0-563-34770-8 | ||
| 082 |
_a823 _bRUS/G |
||
| 100 | _aRUSSELL, CHRISTOPHER | ||
| 245 | _aGEORGE RACER | ||
| 260 |
_aLONDON _bBBC EDUCATIONAL PUBLISHING _c1990 |
||
| 300 | _a128 | ||
| 520 | _aStoryline. When George hears about the annual soapbox derby, he enlists Allie to help him make the coolest car a monkey could drive. / George loves books and helping others, so volunteering to help the librarian is a no-brainer! | ||
| 650 | _aSHORT STORY | ||
| 942 | _cBK | ||
| 999 |
_c6357 _d6357 |
||